Mujer y sociedad en América Latina /

Salvato in:
Dettagli Bibliografici
Autore principale: Banchs, María A.
Ente Autore: CLACSO
Altri autori: Mannarelli, N. Tapia Gónzalez, N. C. Alasino, N. Rostagnol, S. Muñoz, Sergio Feijoó, María del Carmen comp
Natura: testo
Pubblicazione: Buenos Aires: CLACSO
Soggetti:
Tags: Aggiungi Tag
Nessun Tag, puoi essere il primo ad aggiungerne!!

MARC

LEADER 00000 a a2200000 04500
001 25790
003
040
020 |a 950-9231-36-5  
090 |a 174104  
100 |a Banchs, María A.  
110 |a CLACSO  
245 |a Mujer y sociedad en América Latina /  |c María A. Banchs  
260 |a Buenos Aires:   |b CLACSO  
300 |a 453 p  
650 |a MUJERES  
650 |a ASPECTOS POLITICOS  
650 |a ANALISIS DE GENERO  
650 |a MEDIOS DE COMUNICACION DE MASAS  
650 |a FAMILIA  
650 |a METODOLOGIA  
700 |a Mannarelli, N.   |a Tapia Gónzalez, N.   |a C. Alasino, N.   |a Rostagnol, S.   |a Muñoz, Sergio   |a Feijoó, María del Carmen   |a comp  
999 |c 5257  |d 5257